=LDR 00000nam 2200000 4500 =001 INLIS000000000026557 =005 20130612125007 =008 ***********************************Ind** =035 ##$$0010-061300000026557 =041 ##$$a Ind =082 ##$$a R 2X2.103 =090 ##$$a R 2X2.103, Jum k =100 ##$$a Jomantoro, Totok =245 ##$$a Kamus ilmu hadits, Totok Jumatoro =260 ##$$a 2002 $b Jakarta =300 ##$$a 277 hlm, 20 cm =650 ##$$a Ilmu Hadits, Kamus =850 ##$$a NBPNMAT